000 00721cam1a220022900 4500
001 lcf00096875
008 790515s1965 po a b 000 0 por
010 _a 75294873 //r85
035 _a(Sirsi) r28700
035 _a(DLC) 75294873 //r85
035 _a(UPRA)lcf00096875
043 _af-mz---
050 0 _aDT453
_b.L58
110 2 _bInstituto Superior de Ci^encias Sociais e Politica Ultramarina.
_6A92918.1
245 1 0 _aMocambique;
_bcurso de extens~ao universitaria, ano lectivo de 1964-1965.
260 _a[Lisboa,
_c1965]
500 _aNineteen papers.
504 _aIncludes bibliographies.
651 0 _aMozambique.
_6S4315.1
949 _aDT453
_wlcc
_i-31109
_mMAIN
_tBOOK
_lON-SHELF
004 28700
999 _c195031
_d195031